000 00408nam a2200157Ia 4500
008 210210b1976 xxu||||| |||| 00| 0 eng d
082 _a379.431 EDUC
100 _aEDUCATION POLICY (G D R's).
245 _aEducation in a socialist country. Ed 2.
250 _a
260 _aBerlin.
_bPanorama DDR.,
_c1976
300 _a64
650 _aGerman Education
690 _aHigher Education
906 _a041781
999 _c91833
_d91833